000 00400nam a2200145 a 4500
005 20140412111426.0
008 090626s19uu xx 00 eng d
020 _a0-590-44706-8
050 _aTR(PS E
_bLe51 1991
100 _adePaola, Tomie
245 _aThe Legend of the Indian Paintbrush /
_cTomie dePaola.
260 _aNew York :
_bScholastic,
_c1991.
300 _a1v. unp.
999 _c106217
_d106217